ABC of urology (Record no. 135850)
[ view plain ]
| 000 -LEADER | |
|---|---|
| fixed length control field | 02870nam a2200385 a 4500 |
| 082 04 - DEWEY DECIMAL CLASSIFICATION NUMBER | |
| Classification number | 616.6 |
| 245 00 - TITLE STATEMENT | |
| Title | ABC of urology |
| 250 ## - EDITION STATEMENT | |
| Edition statement | 3rd ed. |
| 260 ## - PUBLICATION, DISTRIBUTION, ETC. (IMPRINT) | |
| Place of publication | Chichester, West Sussex : |
| Name of publisher | Wiley-Blackwell/BMJ Books, |
| Year of publication | 2012. |
| 300 ## - PHYSICAL DESCRIPTION | |
| Number of Pages | ix, 78 p. : |
| Other physical details | ill. (some col.). |
| 490 1# - SERIES STATEMENT | |
| Series statement | ABC series |
| 505 8# - FORMATTED CONTENTS NOTE | |
| Formatted contents note | Machine generated contents note: Assessment of the Urological Patient / Debborah Skennerton -- Guidelines for the Management of Haematuria / Daniel Swallow -- Bladder Outflow Obstruction / James Allan -- Urinary Incontinence / Janine Nethercliffe -- Urological Emergencies / William Finch -- Subfertility and Male Sexual Dysfunction / Helen Hegarty -- Management of Adult UTI / Richard Cetti and Suzie Venn -- Prostate Cancer / Stephen E.M. Langley and Simon R.J. Bott -- Bladder Cancer / Alan Thompson and Pippa Sangster -- Renal Cancer / Esther McLarty, Jonathan Aning and Simon J. Freeman -- Testis Cancer / Jessica Wrigley, Anne Y. Warren and Danish Mazhar -- Urinary Stone Disease / Farooq Khan -- The Role of Laparoscopy in Urology / Nimish Shah and Richard Johnston -- Paediatric Urology / Peter Cuckow -- Urological Trauma / Tamsin Greenwell -- Penile Cancer and Gender Reassignment / Nim Christopher and Majid Shabbir. |
| 520 ## - SUMMARY, ETC. | |
| Summary, etc | "This new edition is needed to provide junior doctors and GPs with a comprehensive overview of urology focusing on the diagnosis and management of the most common urological conditions. Urology as a specialty is undergoing continuing technological and scientific innovation and there have been many recent changes to urology practice in favour of less invasive methods over surgeries. This edition will include the new techniques and procedures that have been developed since 2006 that allow for safer and more effective treatment"--Provided by publisher. |
| 650 #0 - SUBJECT ADDED ENTRY--TOPICAL TERM | |
| Topical Term | Genitourinary organs |
| Topical Term | Urology. |
| 700 1# - ADDED ENTRY--PERSONAL NAME | |
| Personal name | Dawson, Chris, |
| Personal name | Nethercliffe, Janine M. |
| 856 40 - ELECTRONIC LOCATION AND ACCESS | |
| Uniform Resource Identifier | http://site.ebrary.com/lib/rucke/Doc?id=10542609 |
No items available.
